000 00814cam a2200265 a 4500
001 4963368
003 OSt
005 20180426190110.0
008 970730s1998 mdua b 001 0 eng
010 _a 97030482
020 _a0847687899 (cloth : alk. paper)
020 _a0847687902 (pbk. : alk. paper)
040 _aDLC
_cDLC
_dDLC
050 0 0 _aHB72
_b.E273 1998
082 0 0 _a338.9 ECO 1998
_221
100 _aEdited by Charles K. Wilber.
_912633
245 0 0 _aEconomics, Ethics, and Public Policy
260 _aLanham;
_bRowman & Littlefield,
_cc1998.
300 _a416 p. :
_bill. ;
_c24 cm.
504 _aIncludes bibliographical references and index.
650 0 _aEconomic ethics
_95026
650 0 _aPublic policy
_95028
906 _a7
_bcbc
_corignew
_d1
_eocip
_f19
_gy-gencatlg
942 _2z
_cSLOAN
999 _c1912
_d1912